zpět

Detail výsledku týmu

MusiClub Drago, Nový Jičín

Datum a čas kvízu

24 Celkem bodů Celkový počet nahraných bodů na tomto kvízu bez doplňovacích otázek.
7. Pořadí na kvízu Konečné umístění týmu na tomto kvízu.

Zaznamenané odpovědi

# Otázka Odpověď Body Výsledky
1. Vedle kanceláře poslance SPD R... 1
2. Jednotvárný zvuk od silnice ob... 0
3. Patrně nejsympatičtější "oškli... 0
4. Ministerstvo dopravy vybralo v... 0
5. Minulý týden se začala prodáva... 1
6. Vzpomeňme v tomto tématu na zř... 1
7. Vyberte pravdivé tvrzení o For... 0
8. Ze kterého Formanova filmu je... 1
9. Jakou větu pronesl v Přeletu n... 1
10. V roce 1979 natočil Miloš Form... 1